书目信息 |
| 题名: |
土壤入渗测量方法
|
|
| 作者: | 雷廷武 著 | |
| 分册: | ||
| 出版信息: | 北京 科学出版社 2017.3 |
|
| 页数: | 181页 | |
| 开本: | 26cm | |
| 丛书名: | 水科学前沿丛书 | |
| 单 册: | ||
| 中图分类: | P33 , S152.7 | |
| 科图分类: | ||
| 主题词: | 土壤含水量--下渗--测量方法 | |
| 电子资源: | ||
| ISBN: | 978-7-03-052008-1 | |
| 000 | 01064nam 2200301 450 | |
| 001 | 0400009208 | |
| 005 | 20171119111427.0 | |
| 010 | @a978-7-03-052008-1@b精装@dCNY96.00 | |
| 100 | @a20170524d2017 em y0chiy50 ea | |
| 101 | 0 | @achi |
| 102 | @aCN@b110000 | |
| 105 | @aa az 000yy | |
| 106 | @ar | |
| 200 | 1 | @a土壤入渗测量方法@Atu rang ru shen ce liang fang fa@f雷廷武 ... [等]著 |
| 210 | @a北京@c科学出版社@d2017.3 | |
| 215 | @a181页@c图@d26cm | |
| 225 | 1 | @a水科学前沿丛书@f刘昌明主编 |
| 300 | @a国家科学技术学术著作出版基金 | |
| 304 | @a著者还有:毛丽丽、张婧、刘汗、赵世伟 | |
| 320 | @a有书目(第174-181页) | |
| 330 | @a本书在介绍不同测量方法的基础上,详细评价优先流对传统环式入渗仪测量精度的影响,进而提出产流积水、产流排水、点源和线源等测量入渗的新方法,阐述各方法的测量原理、过程、计算方法、精度计算方法等。 | |
| 410 | 0 | @12001 @a水科学前沿丛书 |
| 606 | 0 | @a土壤含水量@x下渗@x测量方法 |
| 690 | @aP33@v5 | |
| 690 | @aS152.7@v5 | |
| 701 | 0 | @a雷廷武@Alei ting wu@4著 |
| 801 | 0 | @aCN@b上海新华@c20171119 |
| 905 | @b1028647-51@dP33@e120@f5 | |
| 土壤入渗测量方法/雷廷武 ... [等]著.-北京:科学出版社,2017.3 |
| 181页:图;26cm.-(水科学前沿丛书/刘昌明主编) |
| 国家科学技术学术著作出版基金 |
| ISBN 978-7-03-052008-1(精装):CNY96.00 |
| 本书在介绍不同测量方法的基础上,详细评价优先流对传统环式入渗仪测量精度的影响,进而提出产流积水、产流排水、点源和线源等测量入渗的新方法,阐述各方法的测量原理、过程、计算方法、精度计算方法等。 |
| ● |
| 相关链接 |
|
|
|
|
正题名:土壤入渗测量方法
索取号:P33/120
 
预约/预借
| 序号 | 登录号 | 条形码 | 馆藏地/架位号 | 状态 | 备注 |
| 1 | 1028647 | 210286475 | 第二样本阅览室/ [索取号:P33/120] | 在馆 | |
| 2 | 1028648 | 210286484 | 密集书库-生命科学系/ [索取号:P33/120] | 在馆 | |
| 3 | 1028649 | 210286493 | 第三借阅区/ [索取号:P33/120] | 在馆 | |
| 4 | 1028650 | 210286509 | 第三借阅区/ [索取号:P33/120] | 在馆 | |
| 5 | 1028651 | 210286518 | 第三借阅区/ [索取号:P33/120] | 在馆 |